[Event "Alushta Autumn 2nd"]
[Site "Alushta"]
[Date "2010.09.24"]
[Round "13"]
[White "Voloshin, Leonid"]
[Black "Khudyakov, Alexander"]
[Result "1-0"]
[WhiteElo "2453"]
[BlackElo "2193"]
[PlyCount "57"]
[EventDate "2010.09.14"]
[EventType "tourn"]
[EventRounds "13"]
[EventCountry "UKR"]
[EventCategory "4"]
[SourceTitle "CBM 138 Extra"]
[Source "ChessBase"]
[SourceDate "2010.10.29"]
[SourceVersion "1"]
[SourceVersionDate "2010.10.29"]
[SourceQuality "1"]

1. Nf3 d5 2. g3 c6 3. Bg2 Nf6 4. 0-0 g6 5. b3 Bg7 6. Bb2 0-0 7. d3 Nbd7 8. Nbd2 Re8 9. h3 e5 10. e4 d4 11. a4 a5 12. Nc4 Bf8 13. Qd2 Bb4 14. c3 dxc3 15. Bxc3 Nc5 16. Bxb4 Nxb3 17. Qb2 Nxa1 18. Bc3 Qxd3 19. Nfxe5 Qc2 20. Qxa1 Nxe4 21. Bxe4 Qxe4 22. Nd6 Qc2 23. Nxe8 Bxh3 24. Rc1 Qf5 25. Nd6 Qe6 26. Ndxf7 h6 27. Nxh6+ Kh7 28. Nhf7 Bf5 29. Qb2 1-0

[Event "Alushta Autumn 2nd"]
[Site "Alushta"]
[Date "2010.09.22"]
[Round "11"]
[White "Belikov, Vladimir"]
[Black "Khudyakov, Alexander"]
[Result "1-0"]
[WhiteElo "2483"]
[BlackElo "2193"]
[PlyCount "49"]
[EventDate "2010.09.14"]
[EventType "tourn"]
[EventRounds "13"]
[EventCountry "UKR"]
[EventCategory "4"]
[SourceTitle "CBM 138 Extra"]
[Source "ChessBase"]
[SourceDate "2010.10.29"]
[SourceVersion "1"]
[SourceVersionDate "2010.10.29"]
[SourceQuality "1"]

1. d4 d5 2. c4 c6 3. Nf3 Nf6 4. e3 g6 5. cxd5 Nxd5 6. e4 Nc7 7. h3 Bg7 8. Nc3 0-0 9. Be2 Nd7 10. 0-0 e5 11. Bg5 Qe8 12. Be3 exd4 13. Nxd4 Ne6 14. Nb3 Qe7 15. Qc2 b6 16. Rad1 Bb7 17. f4 Nec5 18. Nd4 Nxe4 19. Qxe4 Qxe4 20. Nxe4 Rae8 21. Nc2 Rxe4 22. Rxd7 Bc8 23. Rxa7 Rfe8 24. Kf2 Bxb2 25. Bd3 1-0

[Event "Alushta Autumn 2nd"]
[Site "Alushta"]
[Date "2010.09.19"]
[Round "12"]
[White "Khudyakov, Alexander"]
[Black "Derjabin, Ilja"]
[Result "1-0"]
[WhiteElo "2193"]
[BlackElo "2409"]
[PlyCount "77"]
[EventDate "2010.09.14"]
[EventType "tourn"]
[EventRounds "13"]
[EventCountry "UKR"]
[EventCategory "4"]
[SourceTitle "CBM 138 Extra"]
[Source "ChessBase"]
[SourceDate "2010.10.29"]
[SourceVersion "1"]
[SourceVersionDate "2010.10.29"]
[SourceQuality "1"]

1. c4 e5 2. g3 Nc6 3. Bg2 f5 4. Nc3 Nf6 5. e3 g6 6. Rb1 Bg7 7. b4 e4 8. d3 Qe7 9. dxe4 fxe4 10. Nd5 Nxd5 11. cxd5 Ne5 12. d6 cxd6 13. Bxe4 0-0 14. f4 Nf7 15. Bd5 Bc3+ 16. Kf2 Rb8 17. Qc2 Bf6 18. b5 Kg7 19. Nf3 Nh6 20. h3 b6 21. Qc7 Ba6 22. Qxa7 Rbc8 23. bxa6 Rc2+ 24. Bd2 Nf5 25. Rb3 Bd4 26. Re1 Re8 27. Kg1 Bc5 28. Rc3 Rxc3 29. Bxc3+ Kh6 30. Bd4 Bb4 31. Re2 Nxg3 32. Rg2 Nf5 33. Bxb6 Rc8 34. e4 Nh4 35. Nxh4 Qxh4 36. Be3 Qe1+ 37. Kh2 Rc3 38. Bd2 Qh4 39. Qxd7 1-0

[Event "Alushta September-B"]
[Site "Alushta"]
[Date "2009.09.??"]
[Round "3"]
[White "Yandemirov, Valeri"]
[Black "Khudyakov, Alexander"]
[Result "1/2-1/2"]
[WhiteElo "2504"]
[BlackElo "2148"]
[PlyCount "61"]
[EventDate "2009.09.??"]
[EventType "tourn"]
[EventRounds "11"]
[EventCountry "UKR"]
[EventCategory "5"]
[SourceTitle "CBM 132 Extra"]
[Source "ChessBase"]
[SourceDate "2009.11.03"]
[SourceVersion "1"]
[SourceVersionDate "2009.11.03"]
[SourceQuality "1"]

1. e4 e5 2. Nf3 Nc6 3. Bb5 Nf6 4. 0-0 Bc5 5. c3 0-0 6. d4 Bb6 7. Bg5 h6 8. Bh4 d6 9. Re1 Bg4 10. Bxc6 bxc6 11. dxe5 dxe5 12. Qxd8 Raxd8 13. Nxe5 g5 14. Bg3 Nxe4 15. Nxg4 f5 16. Na3 Nxg3 17. Nxh6+ Kg7 18. Nc4 Bxf2+ 19. Kxf2 Ne4+ 20. Kg1 Kxh6 21. Re2 Rfe8 22. Rae1 g4 23. Nd2 Nd6 24. Rxe8 Nxe8 25. Nc4 Nf6 26. g3 Ne4 27. Ne5 Rd2 28. Nxg4+ Kg5 29. Ne3 Rxb2 30. Rf1 Nd6 31. Rf2 1/2-1/2

[Event "Alushta Spring GM"]
[Site "Alushta"]
[Date "2006.05.31"]
[Round "10"]
[White "Sumets, Andrey"]
[Black "Khudyakov, Alexander"]
[Result "1-0"]
[WhiteElo "2461"]
[BlackElo "2204"]
[PlyCount "47"]
[EventDate "2006.05.23"]
[EventType "tourn"]
[EventRounds "11"]
[EventCountry "UKR"]
[EventCategory "7"]
[SourceTitle "EXT 2014"]
[Source "ChessBase"]
[SourceDate "2013.11.20"]
[SourceVersion "1"]
[SourceVersionDate "2013.11.20"]
[SourceQuality "1"]

1. d4 Nf6 2. c4 d6 3. Nf3 Nbd7 4. Nc3 e5 5. Bg5 Be7 6. e3 c6 7. Be2 0-0 8. 0-0 Re8 9. Qc2 Qc7 10. Rfd1 b6 11. h3 Bb7 12. Rac1 a6 13. Bh4 Bf8 14. Bg3 g6 15. b4 Rac8 16. Qb3 Qb8 17. c5 bxc5 18. bxc5 exd4 19. exd4 Nd5 20. Bc4 N7f6 21. cxd6 Bxd6 22. Bxd6 Qxd6 23. Qxb7 Rb8 24. Qa7 1-0

[Event "Alushta Spring GM"]
[Site "Alushta"]
[Date "2006.05.28"]
[Round "6"]
[White "Khudyakov, Alexander"]
[Black "Ostrovskiy, Andrey"]
[Result "1-0"]
[WhiteElo "2204"]
[BlackElo "2403"]
[PlyCount "79"]
[EventDate "2006.05.23"]
[EventType "tourn"]
[EventRounds "11"]
[EventCountry "UKR"]
[EventCategory "7"]
[SourceTitle "EXT 2014"]
[Source "ChessBase"]
[SourceDate "2013.11.20"]
[SourceVersion "1"]
[SourceVersionDate "2013.11.20"]
[SourceQuality "1"]

1. d4 Nf6 2. c4 e6 3. Nc3 Bb4 4. f3 d5 5. e3 0-0 6. a3 Bxc3+ 7. bxc3 c5 8. cxd5 Nxd5 9. Bd2 Nc6 10. Bd3 cxd4 11. cxd4 e5 12. e4 Nf4 13. Bxf4 exf4 14. Ne2 Nxd4 15. Nxf4 Qa5+ 16. Kf2 Qc5 17. Qc1 Qe5 18. Qe3 Be6 19. Rac1 Rfd8 20. Bc4 b5 21. Bd5 Bxd5 22. Nxd5 f5 23. Rhd1 Ne6 24. exf5 Rxd5 25. Rxd5 Qxd5 26. fxe6 Re8 27. e7 h6 28. Rc5 Qa2+ 29. Kg3 a6 30. Re5 Qc4 31. Qb6 Qc8 32. Qd6 Kf7 33. h4 g6 34. h5 gxh5 35. Qxh6 Rh8 36. e8Q+ Rxe8 37. Qxh5+ Kf8 38. Qh8+ Kf7 39. Qh5+ Kf8 40. Rxe8+ 1-0

[Event "Alushta Spring GM"]
[Site "Alushta"]
[Date "2006.05.23"]
[Round "1"]
[White "Kharitonov, Alexandr"]
[Black "Khudyakov, Alexander"]
[Result "1-0"]
[WhiteElo "2523"]
[BlackElo "2204"]
[PlyCount "77"]
[EventDate "2006.05.23"]
[EventType "tourn"]
[EventRounds "11"]
[EventCountry "UKR"]
[EventCategory "7"]
[SourceTitle "EXT 2014"]
[Source "ChessBase"]
[SourceDate "2013.11.20"]
[SourceVersion "1"]
[SourceVersionDate "2013.11.20"]
[SourceQuality "1"]

1. d4 Nf6 2. c4 d6 3. Nf3 Nbd7 4. Nc3 e5 5. g3 c6 6. e4 Be7 7. Bg2 a6 8. h3 0-0 9. 0-0 Qc7 10. a4 a5 11. Be3 Re8 12. Qc2 Bf8 13. Rad1 exd4 14. Nxd4 Nc5 15. Rfe1 Bd7 16. f4 g6 17. g4 Rad8 18. Bf2 h5 19. g5 Nh7 20. Be3 Bg7 21. Qf2 Bc8 22. Nde2 Qe7 23. Bxc5 dxc5 24. e5 Be6 25. b3 Bf8 26. Ne4 Rxd1 27. Rxd1 Rd8 28. Nd6 b6 29. Ng3 Qc7 30. f5 gxf5 31. Qf4 h4 32. Nh5 Be7 33. Nf6+ Bxf6 34. gxf6 Kh8 35. Qxh4 Rg8 36. Rd3 Qb8 37. Kf2 Rg6 38. Bxc6 Qg8 39. Nb7 1-0

[Event "Alushta Autumn 5th"]
[Site "Alushta"]
[Date "2005.10.13"]
[Round "9"]
[White "Khudyakov, Alexander"]
[Black "Zdebskaja, Natalia"]
[Result "0-1"]
[WhiteElo "2215"]
[BlackElo "2390"]
[PlyCount "30"]
[EventDate "2005.10.07"]
[EventType "tourn"]
[EventRounds "13"]
[EventCountry "UKR"]
[EventCategory "7"]
[SourceTitle "CBM 108 Extra"]
[Source "ChessBase"]
[SourceDate "2005.11.04"]
[SourceVersion "1"]
[SourceVersionDate "2005.11.04"]
[SourceQuality "1"]

1. d4 Nf6 2. c4 e6 3. g3 d5 4. Bg2 Be7 5. Nc3 0-0 6. Nf3 dxc4 7. Ne5 Nc6 8. Nxc6 bxc6 9. Bxc6 Rb8 10. d5 exd5 11. Nxd5 Nxd5 12. Qxd5 Bb4+ 13. Bd2 Qxd5 14. Bxd5 Bxd2+ 15. Kxd2 Rd8 0-1

[Event "Alushta Autumn 5th"]
[Site "Alushta"]
[Date "2005.10.09"]
[Round "4"]
[White "Birjukov, Sergey"]
[Black "Khudyakov, Alexander"]
[Result "1/2-1/2"]
[WhiteElo "2318"]
[BlackElo "2215"]
[PlyCount "98"]
[EventDate "2005.10.07"]
[EventType "tourn"]
[EventRounds "13"]
[EventCountry "UKR"]
[EventCategory "7"]
[SourceTitle "CBM 108 Extra"]
[Source "ChessBase"]
[SourceDate "2005.11.04"]
[SourceVersion "1"]
[SourceVersionDate "2005.11.04"]
[SourceQuality "1"]

1. d4 Nf6 2. Nf3 d5 3. c4 dxc4 4. Qa4+ c6 5. Qxc4 Bf5 6. Nc3 h6 7. g3 e6 8. Bg2 Nbd7 9. 0-0 Be7 10. a3 0-0 11. b4 Ne4 12. Rd1 a5 13. Nxe4 Bxe4 14. bxa5 Qxa5 15. Bd2 Qa4 16. Qxa4 Rxa4 17. Bc1 Bh7 18. Ne5 Rd8 19. Nxd7 Rxd7 20. Bb2 Bf6 21. e3 Bc2 22. Rdc1 Bb3 23. Rc3 Bd5 24. f4 Kh7 25. Kf2 Be7 26. Rac1 f5 27. Bf1 b5 28. Bg2 Rda7 29. Bxd5 cxd5 30. Rb3 b4 31. axb4 Rxb4 32. Rcc3 Ra2 33. Rxb4 Bxb4 34. Rb3 Bd2 35. Kf3 Kg6 36. h3 Kf6 37. g4 Be1 38. Ke2 Ba5 39. Kf3 Bd2 40. Bc3 Bxe3 41. Kxe3 Rh2 42. gxf5 Kxf5 43. Rb7 Rxh3+ 44. Kd2 g5 45. fxg5 hxg5 46. Bb4 e5 47. dxe5 Kxe5 48. Rg7 Kf5 49. Rd7 Ke4 1/2-1/2

[Event "Alushta Summer 4th"]
[Site "Alushta"]
[Date "2005.06.22"]
[Round "6"]
[White "Kulicov, Oleg Anatolie"]
[Black "Khudyakov, Alexander"]
[Result "1-0"]
[WhiteElo "2402"]
[BlackElo "2255"]
[PlyCount "91"]
[EventDate "2005.06.17"]
[EventType "tourn"]
[EventRounds "11"]
[EventCountry "UKR"]
[EventCategory "1"]
[SourceTitle "CBM 106 Extra"]
[Source "ChessBase"]
[SourceDate "2005.07.01"]
[SourceVersion "1"]
[SourceVersionDate "2005.07.01"]
[SourceQuality "1"]

1. e4 e5 2. Nf3 Nc6 3. d4 exd4 4. Nxd4 Nf6 5. Nc3 Bb4 6. Nxc6 bxc6 7. Bd3 d6 8. Bg5 h6 9. Bh4 Be6 10. 0-0 g5 11. Bg3 h5 12. f3 h4 13. Be1 Bc5+ 14. Bf2 Nd7 15. Bxc5 Nxc5 16. Ne2 Qf6 17. c3 a5 18. Nd4 Rb8 19. b3 Bd7 20. Bc4 Ne6 21. Qd2 Nf4 22. Rac1 Ng6 23. b4 axb4 24. cxb4 0-0 25. Bb3 Rb6 26. Nc2 Re8 27. Rb1 Re5 28. Ne3 Qf4 29. Qc3 Rb8 30. Ng4 Bxg4 31. fxg4 Qxe4 32. Bxf7+ Kg7 33. Rfe1 Qf4 34. Bxg6 Kxg6 35. Rxe5 Qxe5 36. Qxe5 dxe5 37. a4 Kf6 38. Kf2 e4 39. Ke3 Ke5 40. a5 c5 41. b5 c4 42. b6 c3 43. b7 c2 44. Rb5+ Kd6 45. Kd2 Kc6 46. a6 1-0

[Event "Alushta Osen II"]
[Site "Alushta"]
[Date "2003.09.28"]
[Round "3"]
[White "Khudyakov, Alexander"]
[Black "Muromtsev, Arthur"]
[Result "1/2-1/2"]
[WhiteElo "2365"]
[BlackElo "2315"]
[PlyCount "77"]
[EventDate "2003.09.27"]
[EventType "tourn"]
[EventRounds "15"]
[EventCountry "UKR"]
[EventCategory "8"]
[SourceTitle "CBM 096 Extra"]
[Source "ChessBase"]
[SourceDate "2003.10.22"]
[SourceVersion "2"]
[SourceVersionDate "2003.10.20"]
[SourceQuality "1"]

1. c4 g6 2. Nc3 Bg7 3. g3 e5 4. Bg2 Nc6 5. e3 d6 6. Nge2 Nge7 7. Rb1 a5 8. a3 h5 9. b4 axb4 10. axb4 Bf5 11. d3 Qd7 12. b5 Nd8 13. h4 0-0 14. Nd5 Kh8 15. Qb3 Ng8 16. Ba3 Be6 17. b6 c6 18. Nc7 Rb8 19. Qb4 c5 20. Qb5 Nc6 21. Nxe6 fxe6 22. 0-0 Nge7 23. Bb2 Ra8 24. Ra1 Rxa1 25. Rxa1 Qe8 26. f4 Qc8 27. Kh2 Kh7 28. Rd1 Nf5 29. Bc1 exf4 30. exf4 Ncd4 31. Nxd4 Bxd4 32. Rf1 Rf7 33. Be4 Qa8 34. Qb1 Qa5 35. Rd1 Nh6 36. Bf3 Nf5 37. Be4 Nh6 38. Bf3 Nf5 39. Be4 1/2-1/2

[Event "Alushta Osen I"]
[Site "Alushta"]
[Date "2003.09.24"]
[Round "12"]
[White "Boricsev, Oleg"]
[Black "Khudyakov, Alexander"]
[Result "1-0"]
[WhiteElo "2326"]
[BlackElo "2365"]
[PlyCount "25"]
[EventDate "2003.09.15"]
[EventType "tourn"]
[EventRounds "13"]
[EventCountry "UKR"]
[EventCategory "8"]
[SourceTitle "CBM 096 Extra"]
[Source "ChessBase"]
[SourceDate "2003.10.22"]
[SourceVersion "2"]
[SourceVersionDate "2003.10.20"]
[SourceQuality "1"]

1. e4 e5 2. Nf3 Nc6 3. Bc4 Nf6 4. d4 exd4 5. Ng5 Ne5 6. Bb3 Bb4+ 7. c3 dxc3 8. bxc3 Bc5 9. f4 Neg4 10. e5 0-0 11. exf6 Nf2 12. Qh5 h6 13. Bxf7+ 1-0

[Event "Alushta Osen I"]
[Site "Alushta"]
[Date "2003.09.18"]
[Round "5"]
[White "Khudyakov, Alexander"]
[Black "Danielian, Elina"]
[Result "1/2-1/2"]
[WhiteElo "2365"]
[BlackElo "2400"]
[PlyCount "66"]
[EventDate "2003.09.15"]
[EventType "tourn"]
[EventRounds "13"]
[EventCountry "UKR"]
[EventCategory "8"]
[SourceTitle "CBM 096 Extra"]
[Source "ChessBase"]
[SourceDate "2003.10.22"]
[SourceVersion "2"]
[SourceVersionDate "2003.10.20"]
[SourceQuality "1"]

1. c4 c6 2. Nc3 d5 3. cxd5 cxd5 4. d4 Nf6 5. Bf4 Nc6 6. e3 a6 7. Nf3 Bf5 8. Be2 e6 9. 0-0 Be7 10. h3 0-0 11. Rc1 Rc8 12. Na4 Nd7 13. a3 b5 14. Nc5 Nxc5 15. dxc5 Bf6 16. Nd4 Bg6 17. Bd6 Re8 18. a4 Nxd4 19. exd4 Qa5 20. axb5 axb5 21. Qb3 Bxd4 22. Rfd1 e5 23. Bxb5 Rb8 24. Bxb8 Rxb8 25. Ra1 Qd8 26. Rxd4 exd4 27. Qa4 d3 28. Rd1 Qe7 29. Bxd3 Bxd3 30. Rxd3 Qxc5 31. Qd4 Qxd4 32. Rxd4 Rxb2 33. Rxd5 g6 1/2-1/2

[Event "Alushta Summer 2nd"]
[Site "Alushta"]
[Date "2003.??.??"]
[Round "?"]
[White "Alexandrova, Olga"]
[Black "Khudyakov, Alexander"]
[Result "1-0"]
[WhiteElo "2462"]
[BlackElo "2266"]
[PlyCount "79"]
[EventDate "2003.06.16"]
[EventType "tourn"]
[EventRounds "14"]
[EventCountry "UKR"]
[EventCategory "8"]
[SourceTitle "EXT 2005"]
[Source "ChessBase"]
[SourceDate "2004.11.15"]
[SourceVersion "1"]
[SourceVersionDate "2004.11.15"]
[SourceQuality "1"]

1. d4 Nf6 2. c4 c5 3. d5 e5 4. Nc3 d6 5. e4 Be7 6. h3 0-0 7. Nf3 Ne8 8. g4 Na6 9. Bd3 Nac7 10. Be3 a6 11. a4 Bd7 12. a5 Rb8 13. b4 cxb4 14. Na4 Na8 15. Nb6 Nxb6 16. Bxb6 Qc8 17. Qb3 h5 18. gxh5 Bxh3 19. Ng1 Bd7 20. Qxb4 f5 21. f3 fxe4 22. fxe4 Bg5 23. Ra2 Bg4 24. Rg2 Qd7 25. Be2 Nf6 26. Bxg4 Nxg4 27. Ne2 Rf7 28. Rhg1 Ne3 29. Bxe3 Bxe3 30. Rh1 b5 31. h6 Rb7 32. hxg7 Rxg7 33. Rxg7+ Qxg7 34. Qxd6 bxc4 35. Qe6+ Qf7 36. Qc8+ Kg7 37. Qh8+ Kg6 38. Qh5+ Kg7 39. Qxe5+ Kg6 40. Qh5+ 1-0

[Event "Alushta Autumn 3rd"]
[Site "Alushta"]
[Date "2003.??.??"]
[Round "17"]
[White "Bakre, Tejas"]
[Black "Khudyakov, Alexander"]
[Result "1/2-1/2"]
[WhiteElo "2464"]
[BlackElo "2266"]
[PlyCount "64"]
[EventDate "2003.10.10"]
[EventType "tourn"]
[EventRounds "18"]
[EventCountry "UKR"]
[EventCategory "7"]
[SourceTitle "EXT 2005"]
[Source "ChessBase"]
[SourceDate "2004.11.15"]
[SourceVersion "1"]
[SourceVersionDate "2004.11.15"]
[SourceQuality "1"]

1. c4 e5 2. Nc3 Nf6 3. Nf3 Nc6 4. e3 Bb4 5. Qc2 0-0 6. a3 Bxc3 7. Qxc3 Re8 8. d3 d5 9. cxd5 Qxd5 10. e4 Qd6 11. Be2 Bg4 12. Be3 Rad8 13. Rd1 Bxf3 14. Bxf3 Nd4 15. Bxd4 Qxd4 16. Qxd4 Rxd4 17. Ke2 Red8 18. Rd2 c5 19. Rc1 b6 20. Ke3 Kf8 21. g3 Ke7 22. h3 Ne8 23. Be2 Nd6 24. f3 g6 25. Rdd1 f5 26. Rg1 Rf8 27. Bd1 Rc8 28. Bb3 Kf6 29. Bd5 Ne8 30. Ba2 Rcd8 31. Rgd1 Nd6 32. Ke2 Rd7 1/2-1/2

[Event "Alushta Summer 2nd"]
[Site "Alushta"]
[Date "2003.??.??"]
[Round "?"]
[White "Bets, Anatolij"]
[Black "Khudyakov, Alexander"]
[Result "1-0"]
[WhiteElo "2357"]
[BlackElo "2266"]
[PlyCount "101"]
[EventDate "2003.06.16"]
[EventType "tourn"]
[EventRounds "14"]
[EventCountry "UKR"]
[EventCategory "8"]
[SourceTitle "EXT 2005"]
[Source "ChessBase"]
[SourceDate "2004.11.15"]
[SourceVersion "1"]
[SourceVersionDate "2004.11.15"]
[SourceQuality "1"]

1. d4 Nf6 2. c4 c5 3. d5 e5 4. Nc3 d6 5. e4 Be7 6. Bd3 0-0 7. Nge2 Ne8 8. Be3 Na6 9. Qd2 Nb4 10. Bb1 Bd7 11. a3 Na6 12. 0-0 g6 13. Bh6 Ng7 14. Ng3 Nc7 15. b4 b6 16. Bc2 f5 17. exf5 gxf5 18. bxc5 bxc5 19. Rab1 Rb8 20. Rxb8 Qxb8 21. Rb1 Qc8 22. Bg5 Bf6 23. Bxf6 Rxf6 24. Qg5 Qf8 25. Rb7 Rg6 26. Qc1 Qc8 27. Qb1 Nce8 28. Rxa7 Rg4 29. Bd3 f4 30. f3 Rh4 31. Nf1 Bf5 32. Bxf5 Nxf5 33. Qb7 Qxb7 34. Rxb7 Ne3 35. Nd2 Rh6 36. Nce4 Rg6 37. g4 Nf6 38. Nxf6+ Rxf6 39. Kf2 Rf8 40. g5 Ra8 41. Ne4 Rxa3 42. Nf6+ Kf8 43. Nxh7+ Ke8 44. Nf6+ Kd8 45. g6 Ra2+ 46. Ke1 Ra1+ 47. Ke2 Ra2+ 48. Kd3 Ra3+ 49. Ke4 Ng2 50. g7 Re3+ 51. Kf5 1-0

[Event "Alushta Autumn 3rd"]
[Site "Alushta"]
[Date "2003.??.??"]
[Round "13"]
[White "Evdokimov, Alexander A"]
[Black "Khudyakov, Alexander"]
[Result "1-0"]
[WhiteElo "2391"]
[BlackElo "2266"]
[PlyCount "61"]
[EventDate "2003.10.10"]
[EventType "tourn"]
[EventRounds "18"]
[EventCountry "UKR"]
[EventCategory "7"]
[SourceTitle "EXT 2005"]
[Source "ChessBase"]
[SourceDate "2004.11.15"]
[SourceVersion "1"]
[SourceVersionDate "2004.11.15"]
[SourceQuality "1"]

1. d4 Nf6 2. c4 e6 3. Nf3 Bb4+ 4. Bd2 c5 5. g3 Qb6 6. Bg2 cxd4 7. Nxd4 Nc6 8. Nb3 d5 9. cxd5 exd5 10. 0-0 0-0 11. Bg5 Be6 12. Bxf6 gxf6 13. Nc3 d4 14. Nd5 Bxd5 15. Bxd5 Rad8 16. Be4 Ne5 17. Qc2 h6 18. Rac1 Rfe8 19. Rfd1 Rd7 20. Bf5 Rdd8 21. Qc7 Qxc7 22. Rxc7 Nc6 23. Kf1 Re5 24. Bd3 a5 25. Rxb7 a4 26. Nd2 Bxd2 27. Rxd2 Rc8 28. Rc2 Ree8 29. Bf5 Rb8 30. Rxb8 Nxb8 31. Rc4 1-0

[Event "Alushta Summer 2nd"]
[Site "Alushta"]
[Date "2003.??.??"]
[Round "?"]
[White "Khudyakov, Alexander"]
[Black "Potapov, Alexander1111"]
[Result "0-1"]
[WhiteElo "2266"]
[BlackElo "2500"]
[PlyCount "50"]
[EventDate "2003.06.16"]
[EventType "tourn"]
[EventRounds "14"]
[EventCountry "UKR"]
[EventCategory "8"]
[SourceTitle "EXT 2005"]
[Source "ChessBase"]
[SourceDate "2004.11.15"]
[SourceVersion "1"]
[SourceVersionDate "2004.11.15"]
[SourceQuality "1"]

1. Nf3 d5 2. d4 e6 3. c4 c6 4. cxd5 exd5 5. Nc3 Bf5 6. Bg5 Qb6 7. Qd2 Nd7 8. Na4 Qa6 9. Nc3 Qa5 10. a3 h6 11. Bh4 b5 12. Qe3+ Ne7 13. Nd2 b4 14. Nb3 Qb6 15. Na4 Qb5 16. axb4 Be4 17. Bxe7 Bxe7 18. Nac5 Qxb4+ 19. Qc3 Qxc3+ 20. bxc3 Nxc5 21. dxc5 0-0 22. e3 Rfb8 23. Na5 Bf6 24. Rc1 Rb2 25. c4 d4 0-1

[Event "Alushta Autumn 3rd"]
[Site "Alushta"]
[Date "2003.??.??"]
[Round "2"]
[White "Khudyakov, Alexander"]
[Black "Rogovski, Vladimir"]
[Result "0-1"]
[WhiteElo "2266"]
[BlackElo "2457"]
[PlyCount "44"]
[EventDate "2003.10.10"]
[EventType "tourn"]
[EventRounds "18"]
[EventCountry "UKR"]
[EventCategory "7"]
[SourceTitle "EXT 2005"]
[Source "ChessBase"]
[SourceDate "2004.11.15"]
[SourceVersion "1"]
[SourceVersionDate "2004.11.15"]
[SourceQuality "1"]

1. e4 e5 2. Nf3 Nc6 3. Bb5 a6 4. Ba4 Nf6 5. 0-0 Be7 6. c3 0-0 7. Re1 b5 8. Bb3 d5 9. exd5 Nxd5 10. Nxe5 Nxe5 11. Rxe5 c6 12. d4 Bd6 13. Rxd5 cxd5 14. Bxd5 Bxh2+ 15. Kxh2 Qxd5 16. Nd2 Bb7 17. Nf3 Rae8 18. Bf4 Qf5 19. Qd2 Bxf3 20. gxf3 Re6 21. Kg2 Rg6+ 22. Bg3 h5 0-1